<?xml version="1.0" encoding="UTF-8"?>
<record
    xmlns:xsi="http://www.w3.org/2001/XMLSchema-instance"
    xsi:schemaLocation="http://www.loc.gov/MARC21/slim http://www.loc.gov/standards/marcxml/schema/MARC21slim.xsd"
    xmlns="http://www.loc.gov/MARC21/slim">

  <leader>00527    a2200205   4500</leader>
  <controlfield tag="001">131632</controlfield>
  <datafield tag="020" ind1=" " ind2=" ">
    <subfield code="a">85-262-1844-1</subfield>
  </datafield>
  <datafield tag="040" ind1=" " ind2=" ">
    <subfield code="c">Leonardo Da Vinci</subfield>
  </datafield>
  <datafield tag="041" ind1=" " ind2=" ">
    <subfield code="a">Portugu&#xEA;s</subfield>
  </datafield>
  <datafield tag="082" ind1=" " ind2=" ">
    <subfield code="a">J H478s</subfield>
    <subfield code="b">H478s</subfield>
  </datafield>
  <datafield tag="100" ind1=" " ind2=" ">
    <subfield code="a">HERN&#xC1;NDEZ, Jos&#xE9;</subfield>
  </datafield>
  <datafield tag="245" ind1=" " ind2=" ">
    <subfield code="a">A saga do ga&#xFA;cho Martin Fierro</subfield>
  </datafield>
  <datafield tag="260" ind1=" " ind2=" ">
    <subfield code="b">Scipione</subfield>
    <subfield code="c">1991</subfield>
    <subfield code="a">S&#xE3;o Paulo</subfield>
  </datafield>
  <datafield tag="300" ind1=" " ind2=" ">
    <subfield code="a">96</subfield>
  </datafield>
  <datafield tag="362" ind1=" " ind2=" ">
    <subfield code="a">19910000</subfield>
  </datafield>
  <datafield tag="490" ind1=" " ind2=" ">
    <subfield code="a">Reencontro</subfield>
  </datafield>
  <datafield tag="500" ind1=" " ind2=" ">
    <subfield code="a">Jos&#xE9; Angeli (Tradu&#xE7;&#xE3;o)</subfield>
  </datafield>
  <datafield tag="697" ind1=" " ind2=" ">
    <subfield code="a">Literatura juvenil</subfield>
    <subfield code="a">Literatura infanto-juvenil</subfield>
    <subfield code="a">Romance</subfield>
  </datafield>
  <datafield tag="942" ind1=" " ind2=" ">
    <subfield code="c">BK</subfield>
  </datafield>
  <datafield tag="952" ind1=" " ind2=" ">
    <subfield code="0">0</subfield>
    <subfield code="1">0</subfield>
    <subfield code="4">0</subfield>
    <subfield code="7">0</subfield>
    <subfield code="a">71.1</subfield>
    <subfield code="b">71.1</subfield>
    <subfield code="d">2024-03-27</subfield>
    <subfield code="l">0</subfield>
    <subfield code="o">J H478s</subfield>
    <subfield code="p">O001527</subfield>
    <subfield code="r">2024-03-27 22:31:01</subfield>
    <subfield code="w">2024-03-27</subfield>
    <subfield code="y">BK</subfield>
  </datafield>
  <datafield tag="952" ind1=" " ind2=" ">
    <subfield code="0">0</subfield>
    <subfield code="1">0</subfield>
    <subfield code="4">0</subfield>
    <subfield code="7">0</subfield>
    <subfield code="a">71.1</subfield>
    <subfield code="b">71.1</subfield>
    <subfield code="d">2024-03-27</subfield>
    <subfield code="l">0</subfield>
    <subfield code="o">J H478s</subfield>
    <subfield code="p">O001526</subfield>
    <subfield code="r">2024-03-27 22:31:01</subfield>
    <subfield code="w">2024-03-27</subfield>
    <subfield code="y">BK</subfield>
  </datafield>
  <datafield tag="952" ind1=" " ind2=" ">
    <subfield code="0">0</subfield>
    <subfield code="1">0</subfield>
    <subfield code="2">ddc</subfield>
    <subfield code="4">0</subfield>
    <subfield code="7">0</subfield>
    <subfield code="a">57.2</subfield>
    <subfield code="b">57.2</subfield>
    <subfield code="d">2024-05-23</subfield>
    <subfield code="l">0</subfield>
    <subfield code="p">nt889</subfield>
    <subfield code="r">2024-05-23 12:40:03</subfield>
    <subfield code="w">2024-05-23</subfield>
    <subfield code="y">BK</subfield>
    <subfield code="z">estante roxa</subfield>
    <subfield code="u"></subfield>
  </datafield>
  <datafield tag="952" ind1=" " ind2=" ">
    <subfield code="0">0</subfield>
    <subfield code="1">0</subfield>
    <subfield code="2">ddc</subfield>
    <subfield code="4">0</subfield>
    <subfield code="7">0</subfield>
    <subfield code="a">57.2</subfield>
    <subfield code="b">57.2</subfield>
    <subfield code="d">2024-05-23</subfield>
    <subfield code="l">0</subfield>
    <subfield code="p">nt890</subfield>
    <subfield code="r">2024-05-23 12:40:25</subfield>
    <subfield code="t">2</subfield>
    <subfield code="w">2024-05-23</subfield>
    <subfield code="y">BK</subfield>
    <subfield code="z">estante roxa</subfield>
    <subfield code="u"></subfield>
  </datafield>
  <datafield tag="999" ind1=" " ind2=" ">
    <subfield code="c">131632</subfield>
    <subfield code="d">131632</subfield>
  </datafield>
</record>
